000 00635nam a22002177a 4500
003 UA-OsUOA
001 124213
007 ta
008 20170803b un ||||| |||| 00| 0 ukr d
100 _aЖулинський М.
090 _a82
_bЖ87
942 _cSA
040 _aUA-OsUOA
_bukr
_cUA-OsUOA
_dUA-OsUOA
245 _aОльжич і Теліга - вища ліга. Вони поети й речники культурного націоналізму
300 _aС.8-9
955 _a0
041 _aukr
080 _a82
773 0 _w124212
650 7 _a82 Література. Літературознавство
_2UDC
999 _c411825
_d411825